Journal of science, technology and mathematics education (JOSTMED) (Record no. 38448)

MARC details
000 -LEADER
fixed length control field 00669nam a2200169Ia 4500
022 ## - INTERNATIONAL STANDARD SERIAL NUMBER
ISSN 07484710
050 ## - CALL MARK
Classification number Q 1. J86/
245 #0 - TITLE STATEMENT
Title Journal of science, technology and mathematics education (JOSTMED)
260 ## - PUBLICATION, DISTRIBUTION, ETC. (IMPRINT)
Place of publication Minna, Niger State.
260 ## - PUBLICATION, DISTRIBUTION, ETC. (IMPRINT)
Name of publisher Isik Publishing
260 ## - PUBLICATION, DISTRIBUTION, ETC. (IMPRINT)
Year of publication 1999
300 ## - PHYSICAL DESCRIPTION
Number of Pages volumes , 252 p. : illustrations ; 25 cm.
650 ## - SUBJECT ADDED ENTRY--TOPICAL TERM
Topical Term Science--Periodicals. Science--Nigeria--Periodicals. Technology--Periodicals. Technology--Nigeria--Periodicals. Mathematics--Study and teaching--Periodicals. Mathematics--Study and teaching--Nigeria--Periodicals.
942 ## - ADDED ENTRY ELEMENTS (KOHA)
Koha item type Serials

No items available.